000 00461nam a22001697a 4500
003 NUST - PNEC
005 20170116180847.0
008 150824b xxu||||| |||| 00| 0 eng d
020 _a0879305517
040 _cLIBRARY
082 _a604.202855369 WIL
100 _95485
_a Wilson, John,
245 _a3D modeling in AutoCAD : creating and using 3D models in AutoCAD 2000
_cJohn, Wilson
260 _cc 1999
650 _95488
_aAutoCAD
_x-
942 _2ddc
_cBK
999 _c64483
_d64483